000 00322nam a2200133Ia 4500
005 20251222155049.0
008 251222s9999||||xx |||||||||||||| ||spa||
082 _aEDUM.106
100 _aJUDITH Bell
245 0 _aCómo hacer tu primer trabajo de investigación
250 _a1ra. ed.
264 _bGedisa
942 _cLIB
999 _c37205
_d37205